The resolution of inter-state disputes in civil aviation (Record no. 76970)
[ view plain ]
| 000 -LEADER | |
|---|---|
| fixed length control field | 00606nam a22001937a 4500 |
| 005 - DATE AND TIME OF LATEST TRANSACTION | |
| control field | 20230629130142.0 |
| 008 - FIXED-LENGTH DATA ELEMENTS--GENERAL INFORMATION | |
| fixed length control field | 230425b |||||||| |||| 00| 0 eng d |
| 020 ## - INTERNATIONAL STANDARD BOOK NUMBER | |
| International Standard Book Number | 9780192849274 |
| Qualifying information | Paperback |
| 040 ## - CATALOGING SOURCE | |
| Original cataloging agency | CBULib |
| Transcribing agency | CBULib |
| 041 ## - LANGUAGE CODE | |
| Language code of text/sound track or separate title | eng |
| 050 ## - LIBRARY OF CONGRESS CALL NUMBER | |
| Classification number | HF 9762 Zha |
| 100 ## - MAIN ENTRY--PERSONAL NAME | |
| Personal name | Zhang, Luping |
| 245 ## - TITLE STATEMENT | |
| Title | The resolution of inter-state disputes in civil aviation |
| Statement of responsibility, etc. | / by Luping Zhang |
| 260 ## - PUBLICATION, DISTRIBUTION, ETC. | |
| Place of publication, distribution, etc. | Oxford, |
| Name of publisher, distributor, etc. | Oxford University, |
| Date of publication, distribution, etc. | 2022 |
| 300 ## - PHYSICAL DESCRIPTION | |
| Extent | xxvi, 221 pages |
| 650 ## - SUBJECT ADDED ENTRY--TOPICAL TERM | |
| Topical term or geographic name entry element | INTERNATIONAL CIVIL AVIATION ORGANISATION |
| 650 ## - SUBJECT ADDED ENTRY--TOPICAL TERM | |
| Topical term or geographic name entry element | AERONAUTICS, COMMERCIAL--INTERNATIONAL COOPERATION |
| 942 ## - ADDED ENTRY ELEMENTS (KOHA) | |
| Koha item type | MONOGRAPH |
| 999 ## - | |
| -- | 76970 |
| -- | 76970 |
| Withdrawn status | Lost status | Source of classification or shelving scheme | Damaged status | Not for loan | Collection code | Permanent Location | Current Location | Shelving location | Date acquired | Source of acquisition | Cost, normal purchase price | Full call number | Barcode | Date last seen | Copy number | Cost, replacement price | Price effective from | Koha item type | Total Checkouts |
|---|---|---|---|---|---|---|---|---|---|---|---|---|---|---|---|---|---|---|---|
| Main Library Open Access Collection | CBU-MAIN LIBRARY, KITWE. | CBU-MAIN LIBRARY, KITWE. | General Stacks | 04/25/2023 | DON-BOOKAID | 68.35 | HF 9762 Zha | 751898 | 04/25/2023 | 1 | 82.02 | 04/25/2023 | MONOGRAPH | ||||||
| Mpika Library Collection | CBU-MPIKA LIBRARY, MPIKA CAMPUS. | CBU-MAIN LIBRARY, KITWE. | General Stacks | 05/04/2023 | DON-BOOKAID | HF 9762 Zha | 751897 | 05/04/2023 | 2 | 05/04/2023 | MONOGRAPH |